| 000 | 00903cam a2200229 4500 | ||
|---|---|---|---|
| 001 | J122229 | ||
| 008 | 030509n2003 000 0 eng u | ||
| 035 | _a(Sirsi) u122229 | ||
| 041 | _aeng | ||
| 050 |
_a380 _c18 |
||
| 110 |
_aCountryside Agency _93740 |
||
| 245 | _aTransport in tomorrow's countryside | ||
| 260 |
_aWetherby _bCountryside Agency _c2003 |
||
| 490 |
_aCountryside Agency Publication _vCA 143 |
||
| 520 | _aSets out a vision of how transport could serve both rural communities and those visiting rural areas. The report also puts forward 10 principles for future transport policy. | ||
| 650 | _aRURAL COMMUNITIES | ||
| 650 | _aRURAL TRANSPORT | ||
| 650 | _aTRANSPORT POLICIES | ||
| 690 |
_aRural _96268 |
||
| 856 |
_uhttps://www.cprewiltshire.org.uk/tpp/CA-transport%20in%20tomorrow's%20countryside.pdf _vView the publication on the Countryside Agency website... |
||
| 942 | _n0 | ||
| 999 |
_c102795 _d102795 |
||